000 00330pam a2200145 a 4500
020 _c
041 _h
082 _a659.10000000000002
_bMAC
100 _aMackay,A.R.
245 _aPractice Of Advertising
_hTextual Documents
250 _a5th ed
260 _aNew Delhi
_bElsevier
_c2005
300 _aXXIII/367
930 _a9622
999 _c116447
_d116447